Principles of secondary education (Record no. 70747)

MARC details
000 -LEADER
campo de control de longitud fija 00424nam a2200157 i 4500
001 - NÚMERO DE CONTROL
campo de control 70747
003 - IDENTIFICADOR DE NÚMERO DE CONTROL
campo de control ES-MaACL
005 - FECHA Y HORA DE LA ÚLTIMA TRANSACCIÓN
campo de control 20230906170917.0
007 - CAMPO FIJO DE DESCRIPCIÓN FÍSICA--INFORMACIÓN GENERAL
campo de control de longitud fija t|
008 - DATOS DE LONGITUD FIJA--INFORMACIÓN GENERAL
campo de control de longitud fija 040802s1913 xxu ||||1| eng d
100 1# - ENTRADA PRINCIPAL--NOMBRE DE PERSONA
Nombre de persona Garmo, Charles de.
9 (RLIN) 55590
245 10 - MENCIÓN DEL TÍTULO
Título Principles of secondary education
Resto del título : a text book.
260 ## - PUBLICACIÓN, DISTRIBUCIÓN, ETC.
Lugar de publicación, distribución, etc. New York :
Nombre del editor, distribuidor, etc. Macmillan and Cº,
Fecha de publicación, distribución, etc. 1913.
300 ## - DESCRIPCIÓN FÍSICA
Extensión 2 v. ;
Dimensiones 20 cm.
852 ## - LOCALIZACIÓN
Ubicación ES-MaACL
Número de control de estantería F-7673-74
Holdings
Estatus retirado Estado de pérdida Estado de daño No para préstamo Biblioteca de origen Biblioteca actual Ubicación en estantería Fecha de adquisición Fuente de adquisición Total de préstamos Signatura topográfica completa Código de barras Visto por última vez Precio de reemplazo Tipo de ítem Koha
        Biblioteca del Ateneo de Madrid Biblioteca del Ateneo de Madrid Sala Pecera Planta 2 17/01/2008     F-7673-74 1074077 23/02/2023 23/02/2023 Libro impreso